000 00640nam a2200205Ia 4500
001 10251
003 GE_BSU
008 181216s||||||||xx |||||||||||||| ||und||
040 _cGE_BSU
080 _a821.353.1–32
100 _aსანადირაძე,გიორგი
245 _aმოთხრობები.
245 _cრედ.დ.ივარდავა.მხატვ.ს.ცინცაძე
260 _aთბილისი
260 _bსაბჭოთა საქართველო
260 _c1973
300 _a171გვ.17სმ.
653 _aმოთხრობები
942 _cBK
999 _c43520
_d43520